LEADER 01541nam a2200277 i 4500 001 000000043941 003 CaOOAMICUS 005 20140123000000.0 008 140123s1995 it u000 u ita u 013 $a15111 040 $aSeMil$bita 100 1 $aZoffoli, Enrico.$0(OLS)http://semarc/name/13360 245 10$aEcumenismo ed umanesimo di Giovanni Paolo 2. :$bassoluta ortodossia del Papa alla luce del tomismo /$cEnrico Zoffoli C.P. Socio della Pontificia Accademia di S. Tommaso Professore Emerito nella Pontificia Università Lateranense. 260 $aCittà del Vaticano :$bLibreria Editrice Vaticana,$c1995. 260 $aRoma :$bPontificia Accademia di S. Tommaso e di Religione Cattolica,$c1995. 300 $a107 p., [1] p. di ritratto ;$c24 cm. 490 0 $aStudi tomistici ;$v57 600 04$aGiovanni Paolo II .$0(OLS)http://semarc/subject/5525 650 4$aEcumenismo.$0(OLS)http://semarc/subject/3071 830 0$aStudi tomistici ;$v57.$0(OLS)http://semarc/title/161 850 $aSeMil 852 $aSeMil$W1$xVenegono$y1$m2N IV 326$j10096$B10096$CSeMilBibl$Z2$F10096 $81 961 $aOmaggio: Scuola Cattolica 996 $6245$aEcumenismo ed umanesimo di Giovanni Paolo 2. :$bassoluta ortodossia del Papa alla luce del tomismo$9(OLS)http://semarc/title/64753 996 $6260$aRoma :$bPontificia Accademia di S. Tommaso e di Religione Cattolica$9(OLS)http://semarc/publisher/42689 996 $6260$aCittà del Vaticano :$bLibreria Editrice Vaticana$9(OLS)http://semarc/publisher/29734 LEADER 01196nam a2200277 i 4500 001 000000080781 003 CaOOAMICUS 005 20211020101442.0 008 180208s1993 xx u000 u fre u 013 $a53019 020 $a2-7103-0547-X 040 $aSeMil$bita 100 1 $aBlanche, Jacques Émile,$d<1861-1942>.$0(OLS)http://semarc/name/91506 245 10$aCorrespondance /$cJacques-Émile Blanche, Jean Cocteau ; Édition établie et présentée par Maryse Renault-Garneau. 264 1$aParis :$bLa Table ronde,$c1993. 300 $a200 p. ;$c21 cm. 650 4$aBlanche, Jacques Émile <1861-1942> - Lettere e carteggi.$0(OLS)http://semarc/subject/45358 700 1 $aRenault-Garneau, Maryse.$0(OLS)http://semarc/name/91507 700 1 $aCocteau, Jean,$d<1889-1963>.$0(OLS)http://semarc/name/41241 850 $aSeMil 852 $aSeMil$W1$xVenegono$y1$m5G I 79$j46170$B46170$CSeMilBibl$Z2$F48378 $81 961 $aLascito: Villa mons. Luigi 996 $6020$a2-7103-0547-X$9(OLS)http://semarc/number/270860 996 $6245$aCorrespondance$9(OLS)http://semarc/title/936 996 $6264$aParis :$bLa Table ronde$9(OLS)http://semarc/publisher/35073